Estadísticas para Monarcas Argentinos

Haz click aquí para intentar la prueba.

Estadísticas generales

  • Esta prueba ha sido intentada 27 veces
  • La puntuación promedio es 26 de 49

Estadísticas de respuestas

ReinadoMonarcaCasa Real% Correcto
1861–1868Bartolomé IMitre
84%
2019–Alberto IFernández
76%
2007–2015Cristina IKirchner
76%
1868–1874Domingo ISarmiento
76%
1973–1974Juan IPerón
76%
1946–1955Juan IPerón
76%
2003–2007Néstor IKirchner
76%
1890–1892Carlos IPellegrini
72%
1898–1904Julio IRoca
72%
1880–1886Julio IRoca
72%
1928–1930Hipólito IYrigoyen
68%
1916–1922Hipólito IYrigoyen
68%
1976–1981Jorge IVidela
68%
2015–2019Mauricio IMacri
68%
1983–1989Raúl IAlfonsín
68%
1910–1914Roque ISáenz–Peña
68%
1895–1898José IUriburu
64%
1892–1895Luis ISáenz–Peña
64%
1874–1880Nicolás IAvellaneda
64%
1943Arturo IRawson
60%
1989–1999Carlos IIMenem
60%
1974–1976Isabel IPerón
60%
1958–1962Arturo IIFrondizi
56%
1999–2001Fernando IDe La Rúa
56%
1906–1910José IIFigueroa
56%
1904–1906Manuel IQuintana
56%
1966–1970Juan IIOnganía
52%
1922–1928Marcelo ITorcuato de Alvear
52%
1963–1966Arturo IIIIllia
48%
1955Eduardo ILonardi
48%
1886–1890Miguel IJuárez
48%
1914–1916Victorino IDe La Plaza
48%
2001Adolfo IRodríguez-Saá
44%
2002–2003Eduardo IIDuhalde
44%
1973Hector ICámpora
44%
1930–1932José IIIUriburu
44%
1962–1963José IIIGuido
44%
1942–1943Ramón ICastillo
44%
1932–1938Agustín IJusto
40%
1981–1982Leopoldo IGaltieri
40%
1981Roberto IViola
36%
1938–1942Roberto IOrtiz
36%
1943–1944Pedro IRamírez
32%
1955–1958Pedro IIAramburu
32%
1944–1946Edelmiro IFarrell
20%
1982–1983Reynaldo IBignone
16%
1970–1971Roberto IILevingston
16%
1982Alfredo ISaint Jean
12%
1971–1973Alejandro ILanusse
4%

Distribución de puntuación

Porcentaje por número respondido

Porcentaje de gente con cada puntuación

Historial de tus puntuaciones

No has intentado esta prueba.